| 000 | 00931nam a22002295i 4500 | ||
|---|---|---|---|
| 001 | 167435 | ||
| 003 | ES-MaACL | ||
| 005 | 20250809034614.0 | ||
| 008 | 030307s1892 sp |||| | spa d | ||
| 040 |
_aCCPB | B _bspa _cCCPB | B |
||
| 100 | 1 |
_aVidal, Jorge. _9133692 |
|
| 245 | 1 | 0 |
_aPrincipios fundamentales de la penalidad en los sistemas mas modernos / _cpor Jorge Vidal ; traducida de la última edición francesa por José García Giménez del Cerro. |
| 260 |
_aMadrid : _blibrería editorial de Bailly-Baillière e hijos, _c1892. |
||
| 300 |
_a651 p. ; _c22 cm. |
||
| 500 | _aObra premiada por el Instituto de Francia (Academia de Ciencias Morales y Políticas) | ||
| 650 | 7 |
_aDerecho penal _2embne _911749 |
|
| 700 | 2 | 1 |
_aGarcía Giménez del Cerro, José, _etrad. _9127207 |
| 752 |
_aEspaña - _dMadrid |
||
| 852 |
_aES-MaACL _jG-15013 _z-- Enc. pasta española |
||
| 999 |
_c167435 _d167435 |
||